000 00642nam a22002297a 4500
005 20211009091311.0
008 211009b ||||| |||| 00| 0 eng d
020 _a0670823546
040 _cAL
041 _aeng
082 _223
_a297.1977
_bZAKS
100 _aRafiq Zakaria
_91012
245 _aStruggle within Islam: The Conflict Between Religion and Politics
260 _aNew Delhi
_bViking
_c1988
300 _ax,470 p.
_bHB
_c22x14 cm.
365 _b100.00
_c
_d100.00
650 _aIslam
_91013
650 _aIslam and Politics
_91014
650 _aIndian Muslims
_91015
700 _aZAKARIA (Rafiq)
_91016
942 _2ddc
_cGF
999 _c216537
_d216537